LA GÉOTHERMOMÉTRIE DE LA FLUORINE BASÉE SUR L'ÉTUDE DES INCLUSIONS FLUIDES DE CERTAINS GISEMENTS HYDROTHERMAUX DE LA ROUMANIE

Bibliographic Details
Main Authors: Petreuş, I. (Author), Pomirleanu, V. (Author)
Format: Article
Language:French

MARC

LEADER 00000nab a2200000ua 4500
001 vtls010849514
003 SK-MaSNL
005 20260303134831.0
008 230218s1968 xo |||||||||||||||||fre|
035 |a (urnnbn)urn:nbn:sk:snk:ar-a079pl 
035 |a urn:nbn:sk:snk-ab6a70 
035 |a (uuid)1d8ce1d8-3c24-479a-97f8-0a88dcefdd9c 
040 |a SNKBUCL  |b slo  |c SNKBUCL  |e AACR2 
041 0 |a fre 
044 |a xo  |c SK 
100 1 |a Petreuş, I.  |4 aut  |9 1155705 
245 1 0 |a LA GÉOTHERMOMÉTRIE DE LA FLUORINE BASÉE SUR L'ÉTUDE DES INCLUSIONS FLUIDES DE CERTAINS GISEMENTS HYDROTHERMAUX DE LA ROUMANIE  |c I. Petreuş, V. Pomirleanu 
700 1 |a Pomirleanu, V.  |4 aut  |9 1155706 
773 0 |t Geologický zborník  |g Roč. 19, č. 1 (1968), s. 285-293 
958 |a OND 
958 |a EUIPO 
958 |a article5 
999 |c 1962041  |d 1963971